| 000 | 00892nam a2200241 a 4500 | ||
|---|---|---|---|
| 001 | 15763 | ||
| 003 | CO-ViMGA | ||
| 008 | 141112s2004 ck r 000 u spa d | ||
| 020 | _a8423416569 | ||
| 040 |
_aCO-ViMGA _bspa _cCO-ViMGA |
||
| 082 | 0 | 4 | _a658.42 L433 |
| 245 | 1 | 0 | _aLiderazgo |
| 260 |
_aBilbao (E), _cEdiciones Deusto s.a.1999 |
||
| 300 | _a250.p. | ||
| 490 | _aHarvard Business Review | ||
| 505 | _aEl trabajo del directivo Lo que verdad hacen los líderes Directivos y líderes La disciplina de fortalecer el carácter Los sistemas de liderazgo de los consejeros delegados El lado humano de la gestión El trabajo del liderazgo Que fue del directivo que asumía el mando | ||
| 650 | 1 | 4 |
_aAPTITUD DE MANDO _922677 |
| 650 | 1 | 4 |
_aCREATIVIDAD EN LA EMPRESA _922678 |
| 650 | 1 | 4 |
_aEJECUTIVOS _949127 |
| 650 | 1 | 4 |
_aHABILIDAD EJECUTIVA _922679 |
| 650 | 1 | 4 | _aLIDERAZGO |
| 942 |
_2ddc _cBK |
||
| 999 |
_c25852 _d25852 |
||